000 00263nam a22001097a 4500
008 170126b xxu||||| |||| 00| 0 eng d
020 _a9780801666186
041 _aeng
080 _27TH
_a61
245 _aLEARNING MEDICAL TERMINOLOGY
_cAUSTRIN, M.G
942 _2udc
_cBK
999 _c3709
_d3709